Регионална библиотека "Любен Каравелов" - Русе

Буквар (Запис номер 152898)

MARC детайли
000 -Лидер
Контролно поле с фиксирана дължина nam a22 a 4500
003 - Код на организацията, давaща контролен номер
Контролно поле BLK
005 - Дата и час на последна редакция
Контролно поле 20220407103053.0
008 - Елементи от данни с фиксирана дължина
fixed length control field 180410b bul|||||r ||||||| ||bul||
010 ## - Наследен системен номер
LC control number KNG00159417000
040 ## - Източник на каталожния запис
Идентификатор на билиотеката - собственик на записа BLK
041 ## - Код за език
Код за езика на текст/звукозапис или на отделно заглавие Български
Код за езика КДБФ Български
080 ## - УДК
Текстов определител УДК Възпитание на деца с увредени сетива и душевно болни
УДК код - определител по УДК 376.3/.4
УДК определител (075.2)
УДК - код + определител 376.3/.4(075.2)
100 1# - Редна дума - Автор
Автор Фидьов, Димитър Гаврилов
Авторска отговорност първи автор
R(LIN) 133833
139 ## - Редно поле
Редна дума Буквар
Авторски знак Бук - Б 85
245 10 - Сведения за заглавието
Заглавие Буквар
Подзаглавни данни За глухонеми деца
Редно поле (дума) Димитър Гаврилов Фидьов; * Венета М. Янкулова; * Дечо Денев; * Петър Филчев.
250 ## - Област на изданието
Сведения за изданието 5. изд.
257 ## - Страна на издаване
Страна на създаване/издаване България
260 ## - Област на издателските данни
Име на издателя, разпространителя и проч. Нар. просв.
Година на издаване 1964
Място на издаване, разпространение и проч. София
300 ## - Физическа характеристика
Страници 128 с.
Илюстрации и др. с ил.
Размери/Мащаб 21 см
380 ## - Жанр
Жанр Обществени науки
500 ## - Общи забележки
Забележка Други авт.: В. Янкулова, Д. Денев, П. Филчев. - 1. изд. 1952. - 444 тир.
700 1# - Други автори (авторска отговорност)
Лично име Янкулова, Венета М.
Автороска отговорност (Описва отношението между автора и произведението) *
9 (RLIN) 331923
700 1# - Други автори (авторска отговорност)
Лично име Денев, Дечо
Автороска отговорност (Описва отношението между автора и произведението) *
9 (RLIN) 380826
700 1# - Други автори (авторска отговорност)
Лично име Филчев, Петър
Автороска отговорност (Описва отношението между автора и произведението) *
9 (RLIN) 376943
852 ## - Местоположение
Форматна сигнатура Цб 30056
Фондова буква Хранилище
856 4# - Електронен адрес и достъп
Електронен формат pdf - файл
856 4# - Електронен адрес и достъп
Електронен формат pdf - файл
999 ## - СИСТЕМНИ КОНТРОЛНИ НОМЕРА
Koha biblionumber 152898
Koha biblioitemnumber 152898
942 ## - АРТИКУЛИ
Вид на библиотечния материал Книги
Скрит в OPAC Не
Периодичен библиозапис Да
944 ## - СЪЗДАВАНЕ И РЕДАКЦИЯ на ЗАПИСА
Създаване/Редакция Създаване
Дата на регистрацията/редакция 08.04.2014
Статус, дата на статуса 08.04.2014 - от С1,Р / 08.04.2014
Служител, извършил регистрацията/редакцията Правда_Бадева
944 ## - СЪЗДАВАНЕ И РЕДАКЦИЯ на ЗАПИСА
Създаване/Редакция Редакция
Дата на регистрацията/редакция 08.04.2014
Статус, дата на статуса 08.04.2014 - от С1,Р / 08.04.2014
999 ## - СИСТЕМНИ КОНТРОЛНИ НОМЕРА
Koha biblioitemnumber 152898
Наличности
Код за отписване Код за изгубен артикул Източник на класификационната схема Код за повреда Коз за рестрикции Код за отдаване Артикулен № Име на библиотеката - собственик Име на библиотеката, в която се намира в момента Статус (Текущо местоположение) Дата на вписване в системата Местоположение - отдел Цена в лева Инвентарен номер Систематично азбучна сигнатура Баркод Номер на екземпляра Цена в евро Служебна бележка Служебен тип на артикула
  Не е изгубен Universal Decimal Classification Не е повреден само за читалня ползва се в читалня 255802 Регионална библиотека "Любен Каравелов" Русе Регионална библиотека "Любен Каравелов" Русе Хранилище 1964-01-01 Хранилище 0.38 3547/64 Цб 30056 900000093816 1 0.19 N: стар фонд Дата: 01.01.1964 Книги
Vip Innovations Ltd, Rousse, Bulgaria 2025